01007nam a2200325 i 45000010005000000030009000050050017000140080041000310150017000720350021000890400028001100410008001380460009001460800008001550800012001631000039001752450042002142500014002562600073002703000041003433800016003843880014004003880014004145040026004286580028004546550030004826500024005127100048005368560097005841541KOSZ 00520200424135038.0000320s1980 pl a f f |000 0 pol d aPB 1980/5051 a(OCoLC)830953716 aWA NcWA NdKOSZ 005/EC0 apol k1978 a532 a(075.8)1 aWalden, Henrykd(1917-2007)eAutor10aMechanika płynów /cHenryk Walden. a[Wyd. 2]. aWarszawa :bWydaw-a Politechniki Warszawskiej,c1980e(Warsz :fPW). a508 s. :bil., tab., wykr. ;c25 cm. aKsiążki a1901-2000 a1945-1989 aBibliogr. s. 505-508. aInżynieria i technika 4aPodręczniki akademickie 4aMechanika płynów2 aWydawnictwa Politechniki Warszawskiej4pbl. uhttp://koha.tu.koszalin.pl/cgi-bin/koha/opac-detail.pl?biblionumber=1541yKatalog online BPK